00835nam a2200181 a 4500008004100000020001800041050002000059110002900079245007800108260004900186300003600235350001000271650006900281650004900350995010100399999001700500952013600517190522s2018 ||||||||||||||||| || u a9781587134371 aQA 76.9.A25 Ccn aCISCO Networking Academy10aCCNA cybersecurity operations course bookletcBy CISCO Networking Academy aIndianaploisbCISCO Networking Academyc2018 axxii, 314 pages : illustrations a50.16 0aCOMPUTER NETWORKS--SECURITY MEASURES--EXAMINATIONS--STUDY GUIDES aCOMPUTER SECURITY--EXAMINATIONS--STUDY GUIDE FCBU-MAIN LIBRARY (Kitwe)I50.16M1UAVAILABLEWJun 12, 2019ZMain Library Open Access Collection c36912d36912 00102lcc4070a001b001cMain Library Open Access Collectiond2022-11-30l0oQA 76.9.A25 Ccnp749169r2022-11-30w2022-11-30y002